<?xml version="1.0" encoding="UTF-8"?>
<marc:record xmlns:marc="http://www.loc.gov/MARC21/slim">
   <marc:leader>00000nam a2200000 a 4500</marc:leader>
   <marc:datafield ind1="0" ind2="0" tag="245">
      <marc:subfield code="a">Walli Wickelspinne</marc:subfield>
   </marc:datafield>
   <marc:datafield ind1="0" ind2="0" tag="245">
      <marc:subfield code="b">wer geschickt spinnt, gewinnt!</marc:subfield>
   </marc:datafield>
   <marc:datafield ind1=" " ind2="1" tag="264">
      <marc:subfield code="a">Bad Rodach</marc:subfield>
      <marc:subfield code="b">HABA Sales GmbH &amp; Co.KG</marc:subfield>
   </marc:datafield>
   <marc:datafield ind1="1" ind2=" " tag="520">
      <marc:subfield code="a">Wow! Spinne Walli und ihre freunde haben heute ganz besonders schöne und große Netze gesponnen. Doch darin landen keine Fliegen, sondern Käse, Bonbons und andere Leckereien! Helft den Spinnen, dorthin zu krabbeln, indem ihr würfelt und geschickt fädelt. Aber Vorsicht: Euer Spinnenfaden wird dabei immer kürzer ...</marc:subfield>
   </marc:datafield>
   <marc:datafield ind1="3" ind2=" " tag="024">
      <marc:subfield code="a">4010168261058</marc:subfield>
   </marc:datafield>
   <marc:datafield ind1=" " ind2=" " tag="500">
      <marc:subfield code="a">4 Spinnen (Holz); 1 Würfel; 4 Spinnennetze (Karton); 4 Schnüre (Spinnenfädern); 1 Spielanleitung</marc:subfield>
   </marc:datafield>
   <marc:datafield ind1="0" ind2=" " tag="490">
      <marc:subfield code="v">0</marc:subfield>
   </marc:datafield>
</marc:record>
